LEADER 01016nam a2200229 i 4500 001 000000132391 003 CaOOAMICUS 005 20250702125622.0 008 041207s1979 rm u000 u rum u 040 $aSeMil$bita 110 0 $aBiblioteca centrala universitara .$0(OLS)http://semarc/name/122357 245 10$aCatalogul incunabulelor /$c Biblioteca centrala universitara, Cluj-Napoca. 264 1$aCluj-Napoca :$bEditura Dacia,$c1979. 300 $a118 p. :$bill. ;$c21 cm. 650 0$aCluj-Napoca - Biblioteca Universitaria Centrale - Cataloghi.$0(OLS)http://semarc/subject/58039 650 4$aIncunaboli - Cataloghi.$0(OLS)http://semarc/subject/380 850 $aSeMil 852 $aSeMil$W1$xVenegono$y1$m3Y I 24$j258961$B86307$CSeMilBibl$Z2$F90070 $81 961 $aOmaggio: Donazione 996 $6245$aCatalogul incunabulelor$9(OLS)http://semarc/title/194460 996 $6264$aCluj-Napoca :$bEditura Dacia$9(OLS)http://semarc/publisher/46737 LEADER 01277nam a2200277 i 4500 001 000000111873 003 CaOOAMICUS 005 20030203000000.0 008 030203s1977 it u000 u ita u 013 $a84555 040 $aSeMil$bita 100 1 $aMilani, Lorenzo,$c.$0(OLS)http://semarc/name/17098 245 10$aLettere in un'amicizia /$cLorenzo Milani ; 28 inediti a cura del destinatario Gian Carlo Melli. 260 $aFirenze :$bLibreria Editrice Fiorentina,$ccopyr. 1976 (stampa 1977) 300 $a64 p., [14] p. di tav. ;$c23 cm. 490 0 $aI libri di Corea per la piena educazione ;$v8 500 $aFondo Card. C.M. Martini. 650 4$aMilani, Lorenzo - Lettere e carteggi.$0(OLS)http://semarc/subject/20068 700 1 $aMelli, Gian Carlo.$0(OLS)http://semarc/name/46880 830 2$aI libri di Corea per la piena educazione ;$v8.$0(OLS)http://semarc/title/11265 850 $aSeMil 852 $aSeMil$W1$xVenegono$y1$m3J IV 72$j67680$B67680$CSeMilBibl$Z2$F93677 $81 941 1 $a4 961 $aOmaggio: Martini Card. Carlo Maria 996 $6245$aLettere in un'amicizia$9(OLS)http://semarc/title/162975 996 $6260$aFirenze :$bLibreria Editrice Fiorentina$9(OLS)http://semarc/publisher/30629